000 00979nas a2200313 4500
001 BR2016002798
003 BR-BrBNA
005 20231205130427.0
007 ta
008 230509b bl.|||p| |||| 00| 00por d
040 _aBR-BrBNA
_bpor
_cBiblioteca Nacional de Agricultura
041 _a(Pt)
072 _aF04
100 1 _aRibeiro, E.P.
100 1 _aMagalhães, J.L.
100 1 _aRodrigues, A.A.
100 1 _aRodrigues, D.A.
100 1 _aFrazão, M.A.
100 1 _aRodrigues, C.L.
245 1 _aAnálise inicial do super clone de eucalipto adubado com lodo de efluente suíno
650 _aEUCALIPTO
650 _aHÍBRIDO
650 _aCRESCIMENTO
650 _aADUBO ORGÂNICO
773 0 _tPesquisa Florestal Brasileira (Brazil)
_xISSN 1983-2605
_g(Oct-Dec 2015), v. 35(84) p. 399-407
_wBR2016002798
856 4 0 _uhttp://pfb.cnpf.embrapa.br/pfb/index.php/pfb/article/view/913
909 _a202311
_bLúcia
_c55
_dLúcia Elande
942 _2AGRIS
_n0
_cANA
999 _c249382
_d249382